000 00312nam a2200133 i 4500
001 bg
100 1 _aKRAJEWSKI, Mieczysław
245 0 _aCzas społeczny /
_cMieczysław Krajewski.
260 _aWarszawa,
_c1976.
040 _cBPK
041 _apol
942 _cKS
008 s pl f |000 0 pol
999 _c26927
_d26927
856 _uhttp://koha.tu.koszalin.pl/cgi-bin/koha/opac-detail.pl?biblionumber=26927
_yKatalog online BPK